01353nam a2200277 a 450000500170000000800410001704000270005804100080008504400070009308200200010009000140012010000230013424500800015726002060023730000520044365000190049565000180051465000300053265000420056265000220060466200700062694200180069699900150071495201670072995201790089620160304020002.0140307b2002 ck ab gr|||| 00| 0 spa d aCO-BoIAVH cCO-BoIAVH  aspa ack 4a598.09861bV83a aLBb026411 aVisinoni, Andrés1 aAves Parque Nacional Natural Tayronablas 100 especies más sobresalientes aSanta MartabMinambientebDelegación de la Comisión Europea para Colombia y Ecuador,Desarrollo Sostenible de la Sierra Nevada de Santa MartabAgencia Colombiana de Cooperación Internacionalc2002 a106 paginas.bIlustraciones, Mapas;c21 x 14 cm 4aFaunazTayrona 4aAveszTayrona 4aAreas protegidasyTayrona 4aParques nacionales naturaleszTayrona 4aManuales de campo aColombiacParque Nacional Natural TayronadSanta MartabMagdalena cLIBRO2ddc02 c2852d2852 00102ddc40708GENERALIINV2017aVenadobVenadod2002-08-01eInstitutol0oLB-598.09861 V83ap003343r2012-12-04 00:00:00tEj. 2w2012-12-04xDonaciónyLIBRO 00102ddc40708GENERALIINV2017aBogotabBogotad2005-07-12eInstitutol2oLB-598.09861 V83ap019379r2016-03-03 00:00:00s2016-03-03tEj. 1w2012-12-04xDonaciónyLIBRO